Využitie štatistických metód v podnikových informačných systémoch

Informačné systémy podnikov. Exekutívne informačné systémy a Business intelligence. Štatistické metódy ako súčasť podnikových informačných systémov.

Na minha lista:
Detalhes bibliográficos
Autor principal: Dugas, Jaroslav, 1967-
Outros Autores: Zahumenský, Peter
Formato: Capítulo de Livro
Idioma:eslovaco
Assuntos:
Tags: Adicionar Tag
Sem tags, seja o primeiro a adicionar uma tag!

MARC

LEADER 00000nla a2200000 4500
001 0221248
005 20240502073633.0
041 0 |a slo 
044 |a SK 
245 1 0 |a Využitie štatistických metód v podnikových informačných systémoch  |c Jaroslav Dugas, Peter Zahumenský 
520 |a Informačné systémy podnikov. Exekutívne informačné systémy a Business intelligence. Štatistické metódy ako súčasť podnikových informačných systémov. 
610 2 0 |a systémy informačné podnikové 
610 2 0 |a manažment 
610 2 0 |a rozhodovanie 
610 2 0 |a metódy štatistické 
100 1 |a Dugas, Jaroslav, 1967- 
700 1 |a Zahumenský, Peter